Ensayos heréticos sobre filosofía de la historia /
Colección de ensayos del filósofo checo Jan Patočka, quien ofrece ofrecen una interpretación de su tiempo presente, desde una comprensión filosófica de la historia, basada a su vez en una clave antropológica de fundamentación fenomenológica. Escritos durante el período 1973-1975 y vinculados estrech...
Na minha lista:
| Autor principal: | |
|---|---|
| Outros Autores: | |
| Formato: | Livro |
| Idioma: | espanhol |
| Publicado em: |
Madrid, España :
Encuentro,
2016, c2016
|
| coleção: | (Nuevo Ensayo ;
10) |
| Assuntos: | |
| Tags: |
Sem tags, seja o primeiro a adicionar uma tag!
|
MARC
| LEADER | 00000nam^a2200000^a^4500 | ||
|---|---|---|---|
| 001 | 000585872 | ||
| 005 | 20250521000000.0 | ||
| 009 | 20260310132738.834 | ||
| 020 | |a 978-84-9055-151-6 | ||
| 037 | |a Acervo Xavier Clavigero | ||
| 041 | |a ESP | ||
| 082 | |a 142. 7 |b PAT OBR ENS | ||
| 100 | |a Patočka, Jan |e (autor) | ||
| 245 | 1 | 0 | |a Ensayos heréticos sobre filosofía de la historia / |c J. Patočka ; pref. de P. Ricoeur ; tr., introd. y notas de Iván Ortega Rodríguez. |
| 264 | 4 | |a Madrid, España : |b Encuentro, |c 2016, c2016 | |
| 300 | |a 214 p. | ||
| 336 | |a texto |b txt |2 rdacontenido | ||
| 337 | |a sin mediación |b n |2 rdamedio | ||
| 338 | |a volumen |b nc |2 rdasoporte | ||
| 440 | 1 | |a (Nuevo Ensayo ; |v 10) | |
| 500 | |a Traducción de: Kacířské eseje o filosofi dějin | ||
| 520 | |a Colección de ensayos del filósofo checo Jan Patočka, quien ofrece ofrecen una interpretación de su tiempo presente, desde una comprensión filosófica de la historia, basada a su vez en una clave antropológica de fundamentación fenomenológica. Escritos durante el período 1973-1975 y vinculados estrechamente con un ciclo de conferencias que impartía clandestinamente, tras haber sido vetado de la academia por el régimen comunista en 1968, conforman la obra quizás más conocida de Patočka. | ||
| 521 | |a Peticiones 2024 | ||
| 545 | 0 | |a Jan Patočka (Turnov, Bohemia, antiguo Imperio austrohúngaro, 1907 – Praga, 1977), filósofo checo. Discípulo de Edmund Husserl en La Sorbona y de Martin Heidegger en sus cursos en Friburgo, el punto de partida de su pensamiento está ubicado en la ruptura interna del movimiento fenomenológico y las tragedias políticas de Europa, de las que fue testigo y víctima. Apartado de la academia por la Ocupación alemana nazista (1939), el régimen comunista estalinista (1945) y la Invasión soviética que reprimió la Primavera de Praga (1968), sus escritos circularon la mayoría de las veces en modo clandestino, pero sus ideas y personalidad influyeron significativamente en el pensamiento independiente y la disidencia política frente a la dictadura. Uno de los firmantes más conocidos de la Carta '77 (1977), dirigida al gobierno checoslovaco, en protesta por sus violaciones contra los derechos humanos, el filósofo falleció a consecuencia de los prolongados interrogatorios policiales a los que fue sometido, debido a haber suscrito la citada misiva. Graduado con la tesis El mundo natural como problema filosófico (1936), publicó sólo una pequeña parte de su obra en vida. Algunos de sus títulos son Platón y Europa; Ensayos heréticos sobre sobre la filosofía de la historia; Los intelectuales ante la nueva sociedad; El movimiento de la existencia humana; Introducción a la fenomenología; Libertad y sacrificio y Interioridad y mundo: manuscritos fenomenológicos de la Segunda Guerra. | |
| 649 | |a XX | ||
| 650 | |a Filósofos Checos - |x Discursos | ||
| 650 | |a Europa - |x Historia | ||
| 650 | |a Guerra y Paz - |x Historia - |y Siglo XX | ||
| 650 | |a Tecnología y Sociedad | ||
| 650 | |a Civilización | ||
| 650 | |a Historia - |x Filosofía - |x Tema Principal | ||
| 650 | |a Fenomenología - |x Tema Principal | ||
| 650 | |a Filosofía del Siglo XX | ||
| 650 | |a Filosofía Checa | ||
| 650 | |a Patočka, Jan | ||
| 700 | |a Ricoeur, Paul |e (prefacio) | ||
| 910 | |a Fondo General | ||
| 920 | |a Impresos - Libros | ||
| 930 | |a Colección General | ||
| 905 | |a 101 | ||
| 901 | |a 0500407669 |b IT1 |c ACC |i C2455 |u 20250521 | ||
| 902 | |a https://opac.biblio.iteso.mx/vufind/Record/000585872 | ||